00467nam a2200133Ia 4500008004100000020001800041041000800059082001600067100002100083245002600104260004600130999001900176952013800195230717s1967 xx 000 0 und d a81-7504-015-7 aeng a346.02bWEE aWeeramantry C. G aLaw Of Contracts V.01 aNew DelhibLawman (India) Pvt. Ltd.c1967 c673531d673531 001040708NLP Social WelfareaNLPbNLPcNLP-134d2000-03-30g625.00l0o346.02 WEEpNLP-NS0185r2023-07-17 00:00:00w2023-07-17yBK